Nivel de conocimiento y sobrecarga de cuidadores de pacientes adscritos a un programa de cuidados paliativos en una fundación de Cartagena. 2025 / (Registro nro. 49058)

Detalles MARC
000 -LEADER
fixed length control field 02097nam a2200313 4500
001 - CONTROL NUMBER
control field 0000100124
005 - DATE AND TIME OF LATEST TRANSACTION
control field 20250626211117.0
008 - FIXED-LENGTH DATA ELEMENTS--GENERAL INFORMATION
fixed length control field 190730s2025 000 0 eng d
040 ## - CATALOGING SOURCE
Original cataloging agency CO-CtgCURN
Language of cataloging spa
Transcribing agency coctgcurn
041 0# - LANGUAGE CODE
Language code of text/sound track or separate title spa
082 0# - DEWEY DECIMAL CLASSIFICATION NUMBER
Classification number ENF2025
Item number C764
100 1# - MAIN ENTRY--PERSONAL NAME
Personal name Contreras Trespalacios, Liney Melissa.
245 10 - TITLE STATEMENT
Title Nivel de conocimiento y sobrecarga de cuidadores de pacientes adscritos a un programa de cuidados paliativos en una fundación de Cartagena. 2025 /
Statement of responsibility, etc. Liney Melissa Contreras Trespalacios; Lelis Katiusca Ramos Ramírez; Evelsy Rivera Crespo; Loreinis Sánchez Poveda; Director: Diana Carolina Marsiglia López.
260 ## - PUBLICATION, DISTRIBUTION, ETC.
Place of publication, distribution, etc. Cartagena de Indias :
Name of publisher, distributor, etc. Corporación Universitaria Rafael Núñez,
Date of publication, distribution, etc. 2025.
300 ## - PHYSICAL DESCRIPTION
Extent 158 hojas.
336 ## - CONTENT TYPE
Source rdacontent
Content type term text
Content type code txt
337 ## - MEDIA TYPE
Source rdacarrier
Media type term sin mediacion
Media type code n
338 ## - CARRIER TYPE
Source rdacarrier
Carrier type term volumen
Carrier type code nc
502 ## - DISSERTATION NOTE
Dissertation note Trabajo de grado (Enfermeria). Corporacion Universitaria Rafael Nuñez. Facultad de Ciencias de la salud. Enfermeria, 2025.
520 ## - SUMMARY, ETC.
Summary, etc. "Los cuidados paliativos desempeñan un papel crucial en la atención de pacientes con enfermedades avanzadas, y su eficacia depende en gran medida del compromiso y preparación de los cuidadores familiares. Estos actores, a menudo no profesionales, enfrentan múltiples desafíos derivados tanto de la exigencia física y emocional del rol como de las limitaciones en sus conocimientos técnicos. Por ello, es esencial evaluar el nivel de conocimiento y la sobrecarga que enfrentan para diseñar estrategias de apoyo adecuadas."
650 #0 - SUBJECT ADDED ENTRY--TOPICAL TERM
Topical term or geographic name entry element Enfermeria
Form subdivision Tesis y disertaciones academicas.
700 1# - ADDED ENTRY--PERSONAL NAME
Personal name Ramos Ramírez, Lelis Katiusca.
700 1# - ADDED ENTRY--PERSONAL NAME
Personal name Rivera Crespo, Evelsy.
700 1# - ADDED ENTRY--PERSONAL NAME
Personal name Sánchez Poveda, Loreinis.
700 1# - ADDED ENTRY--PERSONAL NAME
Personal name Marsiglia López, Diana Carolina,
Relator term directora.
856 ## - ELECTRONIC LOCATION AND ACCESS
Uniform Resource Identifier <a href="https://unicurn.sharepoint.com/:b:/s/biblioteca/EW6Pbr02CDhKgz7hjn1g6u4B7qQz8S9HLiUK155X8WB0Ow?e=Nw3Jrc">https://unicurn.sharepoint.com/:b:/s/biblioteca/EW6Pbr02CDhKgz7hjn1g6u4B7qQz8S9HLiUK155X8WB0Ow?e=Nw3Jrc</a>
Public note Click para ver el recurso en texto completo
942 ## - ADDED ENTRY ELEMENTS (KOHA)
Koha item type Trabajos de grado
Classification part ENF 2025
Item part C764
Existencias
Withdrawn status Lost status Damaged status Not for loan Collection Home library Current library Shelving location Date acquired Cost, normal purchase price Inventory number Total checkouts Full call number Barcode Date last seen Price effective from Koha item type
        Trabajos de grado Miguel Henríquez Emiliani Miguel Henríquez Emiliani Trabajo de grado 06/26/2025 35000.00 025568   ENF 2025 C764 025568 06/26/2025 06/26/2025 Trabajos de grado